00632 2200217 4500001002100000008004100021035002000062245007800082100001900160260004000179300003100219020002200250084001400272520002500286520002000311082000800331650002600339863002700365990001100392990001100403INLIS000000000014995 ind  a0010-1222000074 aJenderal Gatot Subroto: Tentara yang Tegas dan Setia KawancRohmat Kurnia aROHMAT, Kurnia aJakarta :bBee Media Pustaka,c2021 avi, 62 hlm.: ilus.c21 cm. a978-602-9473-54-4 a920 ROH j aBibliografi.: 60 hlm aglosarium,61-62 a920 aSEJARAH.GATOT SUBROTO aSeri Pahlawan Nasional a9992 a a9992 b